[Event "415 Stay Safe Play From Home series"]
[Site "Emanuel Lasker Arena"]
[Date "2020.08.27"]
[Round "6"]
[White "Nguyen Hong Anh"]
[Black "Mepe_Nika"]
[Result "0-1"]
[WhiteElo "2310"]
[BlackElo "2377"]
[PlyCount "144"]
[EventDate "2020.08.27"]
[EventType "swiss (blitz)"]

1. d4 {[%emt 0:00:02]} d5 {[%emt 0:00:00]} 2. c4 {[%emt 0:00:00]} c6 {[%emt 0:00:00]} 3. Nf3 {[%emt 0:00:00]} Nf6 {[%emt 0:00:01]} 4. g3 {[%emt 0:00:01]} Bf5 {[%emt 0:00:01]} 5. Bg2 {[%emt 0:00:00]} e6 {[%emt 0:00:00]} 6. O-O {[%emt 0:00:00]} Be7 {[%emt 0:00:01]} 7. Qb3 {[%emt 0:00:01]} Qb6 {[%emt 0:00:01]} 8. Nc3 {[%emt 0:00:02]} h6 {[%emt 0:00:02]} 9. Nd2 {[%emt 0:00:01]} O-O {[%emt 0:00:01]} 10. e4 {[%emt 0:00:01]} dxe4 {[%emt 0:00:00]} 11. Ndxe4 {[%emt 0:00:01]} Nxe4 {[%emt 0:00:00]} 12. Nxe4 {[%emt 0:00:01]} Nd7 {[%emt 0:00:03]} 13. Be3 {[%emt 0:00:03]} Qxb3 {[%emt 0:00:02]} 14. axb3 {[%emt 0:00:01]} Nf6 {[%emt 0:00:01]} 15. Nc5 {[%emt 0:00:01]} Bxc5 {[%emt 0:00:02]} 16. dxc5 {[%emt 0:00:01]} Rfd8 {[%emt 0:00:01]} 17. b4 {[%emt 0:00:01]} Be4 {[%emt 0:00:02]} 18. b5 {[%emt 0:00:02]} Bxg2 {[%emt 0:00:05]} 19. Kxg2 {[%emt 0:00:00]} Rd7 {[%emt 0:00:01]} 20. Rfd1 {[%emt 0:00:03]} Rxd1 {[%emt 0:00:03]} 21. Rxd1 {[%emt 0:00:01]} cxb5 {[%emt 0:00:00]} 22. cxb5 {[%emt 0:00:01]} Nd5 {[%emt 0:00:00]} 23. Bd4 {[%emt 0:00:03]} Kf8 {[%emt 0:00:01]} 24. Ra1 {[%emt 0:00:01]} f6 {[%emt 0:00:01]} 25. c6 {[%emt 0:00:01]} bxc6 {[%emt 0:00:01]} 26. bxc6 {[%emt 0:00:01]} Rc8 {[%emt 0:00:01]} 27. Rxa7 {[%emt 0:00:02]} Rxc6 {[%emt 0:00:01]} 28. Rb7 {[%emt 0:00:01]} Rc7 {[%emt 0:00:03]} 29. Rb8+ {[%emt 0:00:01]} Kf7 {[%emt 0:00:01]} 30. b4 {[%emt 0:00:00]} e5 {[%emt 0:00:01]} 31. Bc5 {[%emt 0:00:01]} Ke6 {[%emt 0:00:02]} 32. Re8+ {[%emt 0:00:01]} Kd7 {[%emt 0:00:03]} 33. Rg8 {[%emt 0:00:01]} Kc6 {[%emt 0:00:01]} 34. Rf8 {[%emt 0:00:01]} Kb5 {[%emt 0:00:02]} 35. Rb8+ {[%emt 0:00:00]} Kc4 {[%emt 0:00:00]} 36. Bd6 {[%emt 0:00:01]} Rd7 {[%emt 0:00:02]} 37. Bf8 {[%emt 0:00:01]} Nc3 {[%emt 0:00:02]} 38. Rc8+ {[%emt 0:00:02]} Kb3 {[%emt 0:00:01]} 39. b5 {[%emt 0:00:01]} Nxb5 {[%emt 0:00:01]} 40. Rb8 {[%emt 0:00:00]} Kc4 {[%emt 0:00:00]} 41. h4 {[%emt 0:00:01]} g5 {[%emt 0:00:01]} 42. Bxh6 {[%emt 0:00:02]} gxh4 {[%emt 0:00:01]} 43. gxh4 {[%emt 0:00:00]} Nd4 {[%emt 0:00:00]} 44. h5 {[%emt 0:00:02]} Rh7 {[%emt 0:00:00]} 45. Be3 {[%emt 0:00:01]} Rxh5 {[%emt 0:00:01]} 46. Rc8+ {[%emt 0:00:00]} Kd5 {[%emt 0:00:01]} 47. Rf8 {[%emt 0:00:00]} Rf5 {[%emt 0:00:01]} 48. Kg3 {[%emt 0:00:01]} Ke4 {[%emt 0:00:01]} 49. Bxd4 {[%emt 0:00:01]} Kxd4 {[%emt 0:00:01]} 50. Re8 {[%emt 0:00:00]} Ke4 {[%emt 0:00:00]} 51. Re7 {[%emt 0:00:02]} Rf3+ {[%emt 0:00:00]} 52. Kg2 {[%emt 0:00:01]} Rf4 {[%emt 0:00:00]} 53. Rf7 {[%emt 0:00:00]} Kf5 {[%emt 0:00:00]} 54. Rg7 {[%emt 0:00:00]} Rg4+ {[%emt 0:00:00]} 55. Rxg4 {[%emt 0:00:02]} Kxg4 {[%emt 0:00:00]} 56. Kf1 {[%emt 0:00:00]} Kf4 {[%emt 0:00:00]} 57. Ke1 {[%emt 0:00:00]} f5 {[%emt 0:00:00]} 58. Ke2 {[%emt 0:00:01]} Ke4 {[%emt 0:00:00]} 59. Ke1 {[%emt 0:00:00]} Kf3 {[%emt 0:00:00]} 60. Kf1 {[%emt 0:00:00]} e4 {[%emt 0:00:00]} 61. Ke1 {[%emt 0:00:00]} e3 {[%emt 0:00:00]} 62. Kf1 {[%emt 0:00:00]} e2+ {[%emt 0:00:01]} 63. Ke1 {[%emt 0:00:00]} f4 {[%emt 0:00:00]} 64. Kd2 {[%emt 0:00:01]} Kxf2 {[%emt 0:00:00]} 65. Kd3 {[%emt 0:00:00]} e1=Q {[%emt 0:00:00]} 66. Kd4 {[%emt 0:00:01]} Qe3+ {[%emt 0:00:00]} 67. Kd5 {[%emt 0:00:00]} Ke2 {[%emt 0:00:00]} 68. Kd6 {[%emt 0:00:01]} f3 {[%emt 0:00:00]} 69. Kd7 {[%emt 0:00:00]} f2 {[%emt 0:00:00]} 70. Kd6 {[%emt 0:00:00]} f1=Q {[%emt 0:00:00]} 71. Kd7 {[%emt 0:00:00]} Qff4 {[%emt 0:00:00]} 72. Kc6 {[%emt 0:00:01]} Qee5 {[%emt 0:00:00] Time Time Time (Lag: Av=1.04s, max=1.6s) (Lag: Av=1.04s, max=1.6s) (Lag: Av=1.04s, max=1.6s) . . .} 0-1

[Event "415 Stay Safe Play From Home series"]
[Site "Emanuel Lasker Arena"]
[Date "2020.08.27"]
[Round "6"]
[White "Lazieri3"]
[Black "Tran Minh Thang"]
[Result "1-0"]
[WhiteElo "2071"]
[BlackElo "2452"]
[PlyCount "129"]
[EventDate "2020.08.27"]
[EventType "swiss (blitz)"]

1. e4 {[%emt 0:00:01]} c5 {[%emt 0:00:02]} 2. Nc3 {[%emt 0:00:00]} a6 {[%emt 0:00:01]} 3. Nf3 {[%emt 0:00:00]} e6 {[%emt 0:00:00]} 4. d3 {[%emt 0:00:00]} b5 {[%emt 0:00:01]} 5. Bg5 {[%emt 0:00:01]} Qc7 {[%emt 0:00:00]} 6. g3 {[%emt 0:00:01]} Bb7 {[%emt 0:00:01]} 7. Bg2 {[%emt 0:00:01]} h6 {[%emt 0:00:01]} 8. Bf4 {[%emt 0:00:00]} d6 {[%emt 0:00:01]} 9. O-O {[%emt 0:00:02]} Nd7 {[%emt 0:00:00]} 10. Re1 {[%emt 0:00:02]} g5 {[%emt 0:00:01]} 11. Be3 {[%emt 0:00:01]} Bg7 {[%emt 0:00:00]} 12. Rb1 {[%emt 0:00:03]} Ne7 {[%emt 0:00:01]} 13. a3 {[%emt 0:00:01]} Ng6 {[%emt 0:00:01]} 14. Ne2 {[%emt 0:00:01]} O-O {[%emt 0:00:02]} 15. h4 {[%emt 0:00:02]} g4 {[%emt 0:00:01]} 16. Nh2 {[%emt 0:00:02]} f5 {[%emt 0:00:02]} 17. exf5 {[%emt 0:00:02]} exf5 {[%emt 0:00:00]} 18. Qd2 {[%emt 0:00:01]} Bxg2 {[%emt 0:00:01]} 19. Kxg2 {[%emt 0:00:01]} Qc6+ {[%emt 0:00:00]} 20. Kg1 {[%emt 0:00:01]} h5 {[%emt 0:00:01]} 21. Nf4 {[%emt 0:00:01]} Nxf4 {[%emt 0:00:04]} 22. Bxf4 {[%emt 0:00:00]} Rae8 {[%emt 0:00:01]} 23. Rxe8 {[%emt 0:00:02]} Rxe8 {[%emt 0:00:00]} 24. Re1 {[%emt 0:00:01]} Be5 {[%emt 0:00:01]} 25. Bxe5 {[%emt 0:00:02]} Nxe5 {[%emt 0:00:00]} 26. Qg5+ {[%emt 0:00:01]} Kf7 {[%emt 0:00:00]} 27. Qxf5+ {[%emt 0:00:04]} Ke7 {[%emt 0:00:00]} 28. Qxh5 {[%emt 0:00:04]} Kd7 {[%emt 0:00:01]} 29. Re3 {[%emt 0:00:07]} Kc7 {[%emt 0:00:01]} 30. Nxg4 {[%emt 0:00:03]} Nf3+ {[%emt 0:00:00]} 31. Rxf3 {[%emt 0:00:03]} Qxf3 {[%emt 0:00:12]} 32. Qxe8 {[%emt 0:00:01]} Qxg4 {[%emt 0:00:00]} 33. Qe7+ {[%emt 0:00:01]} Kc8 {[%emt 0:00:02]} 34. Qe8+ {[%emt 0:00:01]} Kc7 {[%emt 0:00:01]} 35. Qe7+ {[%emt 0:00:00]} Kc8 {[%emt 0:00:00]} 36. Qe8+ {[%emt 0:00:00]} Kb7 {[%emt 0:00:01]} 37. Qe4+ {[%emt 0:00:01]} Qxe4 {[%emt 0:00:01]} 38. dxe4 {[%emt 0:00:00]} Kc6 {[%emt 0:00:00]} 39. h5 {[%emt 0:00:00]} a5 {[%emt 0:00:00]} 40. h6 {[%emt 0:00:00]} b4 {[%emt 0:00:00]} 41. h7 {[%emt 0:00:01]} c4 {[%emt 0:00:00]} 42. axb4 {[%emt 0:00:01]} axb4 {[%emt 0:00:00]} 43. h8=Q {[%emt 0:00:01]} Kc5 {[%emt 0:00:00]} 44. Qc8+ {[%emt 0:00:00]} Kd4 {[%emt 0:00:00]} 45. g4 {[%emt 0:00:00]} Kxe4 {[%emt 0:00:00]} 46. c3 {[%emt 0:00:01]} d5 {[%emt 0:00:00]} 47. cxb4 {[%emt 0:00:00]} d4 {[%emt 0:00:00]} 48. Qxc4 {[%emt 0:00:01]} Ke5 {[%emt 0:00:00]} 49. Qxd4+ {[%emt 0:00:01]} Kxd4 {[%emt 0:00:00]} 50. g5 {[%emt 0:00:00]} Kd5 {[%emt 0:00:00]} 51. b5 {[%emt 0:00:00]} Ke6 {[%emt 0:00:00]} 52. g6 {[%emt 0:00:00]} Kd6 {[%emt 0:00:00]} 53. b6 {[%emt 0:00:00]} Kc6 {[%emt 0:00:00]} 54. g7 {[%emt 0:00:00]} Kb7 {[%emt 0:00:00]} 55. g8=Q {[%emt 0:00:00]} Ka6 {[%emt 0:00:00]} 56. Qe8 {[%emt 0:00:00]} Kb7 {[%emt 0:00:00]} 57. f4 {[%emt 0:00:00]} Ka6 {[%emt 0:00:00]} 58. f5 {[%emt 0:00:00]} Kb7 {[%emt 0:00:00]} 59. f6 {[%emt 0:00:00]} Ka6 {[%emt 0:00:00]} 60. f7 {[%emt 0:00:00]} Kb7 {[%emt 0:00:00]} 61. Qe7+ {[%emt 0:00:00]} Ka6 {[%emt 0:00:00]} 62. f8=Q {[%emt 0:00:00]} Kb5 {[%emt 0:00:00]} 63. b7 {[%emt 0:00:00]} Ka6 {[%emt 0:00:00]} 64. b8=Q {[%emt 0:00:00]} Ka5 {[%emt 0:00:00]} 65. Qea7# {[%emt 0:00:01] (Lag: Av=0.72s, max=1.6s) (Lag: Av=0.72s, max=1.6s) (Lag: Av=0.72s, max=1.6s)} 1-0

[Event "415 Stay Safe Play From Home series"]
[Site "Emanuel Lasker Arena"]
[Date "2020.08.27"]
[Round "6"]
[White "TheCHESSHOUSE"]
[Black "Klasman"]
[Result "1-0"]
[WhiteElo "2024"]
[BlackElo "1319"]
[Annotator "NA"]
[PlyCount "43"]
[EventDate "2020.08.27"]
[EventType "swiss (blitz)"]

1. d4 {[%emt 0:00:06]} f5 {[%emt 0:00:11]} 2. c4 {[%emt 0:00:00]} Nf6 {[%emt 0:00:01]} 3. Nc3 {[%emt 0:00:00]} e6 {[%emt 0:00:01]} 4. Nf3 {[%emt 0:00:00]} c6 {[%emt 0:00:01]} 5. Bg5 {[%emt 0:00:01]} d5 {[%emt 0:00:02]} 6. cxd5 {[%emt 0:00:02]} cxd5 {[%emt 0:00:01]} 7. Ne5 {[%emt 0:00:01]} Nc6 {[%emt 0:00:02]} 8. e3 {[%emt 0:00:01]} Qa5 {[%emt 0:00:04]} 9. Bxf6 {[%emt 0:00:05]} gxf6 {[%emt 0:00:03]} 10. Qh5+ {[%emt 0:00:00]} Kd8 {[%emt 0:00:08]} 11. Nf7+ {[%emt 0:00:01]} Kc7 {[%emt 0:00:03]} 12. Nxh8 {[%emt 0:00:01]} Bb4 {[%emt 0:00:04]} 13. Rc1 {[%emt 0:00:06]} Bd7 {[%emt 0:00:02]} 14. Nf7 {[%emt 0:00:01]} e5 {[%emt 0:00:04]} 15. Be2 {[%emt 0:00:06]} exd4 {[%emt 0:00:03]} 16. exd4 {[%emt 0:00:01]} Nxd4 {[%emt 0:00:01]} 17. O-O {[%emt 0:00:01]} Bxc3 {[%emt 0:00:01]} 18. Rxc3+ {[%emt 0:00:01]} Qxc3 {[%emt 0:00:05]} 19. bxc3 {[%emt 0:00:00]} Nxe2+ {[%emt 0:00:01]} 20. Kh1 {[%emt 0:00:00]} Nxc3 {[%emt 0:00:02]} 21. Qf3 {[%emt 0:00:02]} Ne4 {[%emt 0:00:01]} 22. Rc1+ {[%emt 0:00:00] Time Time Time (Lag: Av=0.70s, max=1.1s) (Lag: Av=0.70s, max=1.1s) (Lag: Av=0.70s, max=1.1s)} 1-0

[Event "415 Stay Safe Play From Home series"]
[Site "Emanuel Lasker Arena"]
[Date "2020.08.27"]
[Round "6"]
[White "Ao017545"]
[Black "Fischer_11"]
[Result "0-1"]
[WhiteElo "1583"]
[BlackElo "2030"]
[Annotator "NA"]
[PlyCount "56"]
[EventDate "2020.08.27"]
[EventType "swiss (blitz)"]

1. e4 {[%emt 0:00:02]} Nf6 {[%emt 0:00:01]} 2. Nf3 {[%emt 0:00:00]} Nxe4 {[%emt 0:00:01]} 3. d3 {[%emt 0:00:00]} Nf6 {[%emt 0:00:01]} 4. d4 {[%emt 0:00:01]} g6 {[%emt 0:00:00]} 5. d5 {[%emt 0:00:01]} Bg7 {[%emt 0:00:00]} 6. c4 {[%emt 0:00:01]} O-O {[%emt 0:00:00]} 7. Bd3 {[%emt 0:00:02]} c6 {[%emt 0:00:00]} 8. Nc3 {[%emt 0:00:03]} cxd5 {[%emt 0:00:01]} 9. Nxd5 {[%emt 0:00:00]} e6 {[%emt 0:00:00]} 10. Nxf6+ {[%emt 0:00:03]} Bxf6 {[%emt 0:00:01]} 11. Bc2 {[%emt 0:00:00]} b6 {[%emt 0:00:02]} 12. Be4 {[%emt 0:00:03]} Nc6 {[%emt 0:00:02]} 13. O-O {[%emt 0:00:03]} Bb7 {[%emt 0:00:00]} 14. Bc2 {[%emt 0:00:02]} Na5 {[%emt 0:00:03]} 15. Qd3 {[%emt 0:00:02]} Rc8 {[%emt 0:00:03]} 16. Rb1 {[%emt 0:00:03]} d5 {[%emt 0:00:01]} 17. b4 {[%emt 0:00:01]} Nxc4 {[%emt 0:00:01]} 18. h4 {[%emt 0:00:05]} h5 {[%emt 0:00:04]} 19. Bg5 {[%emt 0:00:04]} Qe7 {[%emt 0:00:07]} 20. Ne5 {[%emt 0:00:05]} Ba6 {[%emt 0:00:03]} 21. Qf3 {[%emt 0:00:08]} Bxg5 {[%emt 0:00:04]} 22. hxg5 {[%emt 0:00:02]} Nxe5 {[%emt 0:00:01]} 23. Rfe1 {[%emt 0:00:03]} Nxf3+ {[%emt 0:00:01]} 24. gxf3 {[%emt 0:00:02]} Qxg5+ {[%emt 0:00:00]} 25. Kh2 {[%emt 0:00:02]} Rxc2 {[%emt 0:00:00]} 26. Rf1 {[%emt 0:00:01]} Rxf2+ {[%emt 0:00:00]} 27. Rxf2 {[%emt 0:00:02]} Qh4+ {[%emt 0:00:00]} 28. Kg2 {[%emt 0:00:01]} Qxf2+ {[%emt 0:00:00] Zaman Zaman Zaman (Lag: Av=0.56s, max=0.8s) (Lag: Av=0.56s, max=0.8s) (Lag: Av=0.56s, max=0.8s)} 0-1

[Event "415 Stay Safe Play From Home series"]
[Site "Emanuel Lasker Arena"]
[Date "2020.08.27"]
[Round "6"]
[White "Stepmaker"]
[Black "Schachwerk_64"]
[Result "0-1"]
[WhiteElo "1412"]
[BlackElo "1955"]
[Annotator "NA"]
[PlyCount "46"]
[EventDate "2020.08.27"]
[EventType "swiss (blitz)"]

1. d3 {[%emt 0:00:00]} d5 {[%emt 0:00:01]} 2. c4 {[%emt 0:00:01]} dxc4 {[%emt 0:00:02]} 3. Qa4+ {[%emt 0:00:01]} Bd7 {[%emt 0:00:02]} 4. Qxc4 {[%emt 0:00:01]} Nf6 {[%emt 0:00:01]} 5. Nc3 {[%emt 0:00:01]} e6 {[%emt 0:00:00]} 6. Nf3 {[%emt 0:00:01]} Be7 {[%emt 0:00:00]} 7. Ne5 {[%emt 0:00:01]} O-O {[%emt 0:00:01]} 8. Nxd7 {[%emt 0:00:01]} Nbxd7 {[%emt 0:00:00]} 9. Bf4 {[%emt 0:00:01]} Nb6 {[%emt 0:00:00]} 10. Qxc7 {[%emt 0:00:02]} Qd4 {[%emt 0:00:01]} 11. Qxb7 {[%emt 0:00:04]} Bb4 {[%emt 0:00:04]} 12. Bd2 {[%emt 0:00:07]} Nbd5 {[%emt 0:00:01]} 13. Rc1 {[%emt 0:00:06]} Rab8 {[%emt 0:00:03]} 14. Qa6 {[%emt 0:00:02]} Nc7 {[%emt 0:00:11]} 15. Qa4 {[%emt 0:00:04]} Qd6 {[%emt 0:00:05]} 16. a3 {[%emt 0:00:07]} Bc5 {[%emt 0:00:03]} 17. Ne4 {[%emt 0:00:02]} Nxe4 {[%emt 0:00:03]} 18. dxe4 {[%emt 0:00:01]} Rxb2 {[%emt 0:00:05]} 19. Bb4 {[%emt 0:00:04]} Rxb4 {[%emt 0:00:10]} 20. axb4 {[%emt 0:00:01]} Bxb4+ {[%emt 0:00:00]} 21. Qxb4 {[%emt 0:00:08]} Qxb4+ {[%emt 0:00:00]} 22. Kd1 {[%emt 0:00:00]} Rd8+ {[%emt 0:00:01]} 23. Kc2 {[%emt 0:00:03]} Rd2# {[%emt 0:00:00] Mate Mate Mate} 0-1

[Event "415 Stay Safe Play From Home series"]
[Site "Emanuel Lasker Arena"]
[Date "2020.08.27"]
[Round "7"]
[White "Tran Minh Thang"]
[Black "Nguyen Hong Anh"]
[Result "1-0"]
[WhiteElo "2421"]
[BlackElo "2296"]
[PlyCount "77"]
[EventDate "2020.08.27"]
[EventType "swiss (blitz)"]

1. b3 {[%emt 0:00:01]} d5 {[%emt 0:00:01]} 2. Bb2 {[%emt 0:00:00]} c5 {[%emt 0:00:01]} 3. h4 {[%emt 0:00:00]} Nc6 {[%emt 0:00:00]} 4. h5 {[%emt 0:00:00]} Nf6 {[%emt 0:00:01]} 5. h6 {[%emt 0:00:01]} gxh6 {[%emt 0:00:01]} 6. Nf3 {[%emt 0:00:00]} Bg7 {[%emt 0:00:01]} 7. e3 {[%emt 0:00:00]} Bf5 {[%emt 0:00:01]} 8. Bb5 {[%emt 0:00:00]} Bg6 {[%emt 0:00:01]} 9. Ne5 {[%emt 0:00:01]} Qc7 {[%emt 0:00:01]} 10. Ng4 {[%emt 0:00:01]} h5 {[%emt 0:00:02]} 11. Nxf6+ {[%emt 0:00:01]} exf6 {[%emt 0:00:01]} 12. c4 {[%emt 0:00:01]} d4 {[%emt 0:00:01]} 13. exd4 {[%emt 0:00:01]} cxd4 {[%emt 0:00:01]} 14. Bxd4 {[%emt 0:00:01]} O-O {[%emt 0:00:01]} 15. Bxc6 {[%emt 0:00:03]} Qxc6 {[%emt 0:00:01]} 16. O-O {[%emt 0:00:01]} Rad8 {[%emt 0:00:01]} 17. Be3 {[%emt 0:00:00]} Be4 {[%emt 0:00:02]} 18. f3 {[%emt 0:00:01]} Bd3 {[%emt 0:00:01]} 19. Re1 {[%emt 0:00:00]} f5 {[%emt 0:00:01]} 20. Nc3 {[%emt 0:00:00]} Rfe8 {[%emt 0:00:01]} 21. Bxa7 {[%emt 0:00:09]} b6 {[%emt 0:00:03]} 22. Na4 {[%emt 0:00:09]} Bd4+ {[%emt 0:00:03]} 23. Kh1 {[%emt 0:00:02]} Qf6 {[%emt 0:00:02]} 24. g3 {[%emt 0:00:01]} f4 {[%emt 0:00:02]} 25. Rg1 {[%emt 0:00:11]} Kh8 {[%emt 0:00:03]} 26. Bxb6 {[%emt 0:00:02]} fxg3 {[%emt 0:00:01]} 27. Bxd4 {[%emt 0:00:01]} Rxd4 {[%emt 0:00:02]} 28. Rxg3 {[%emt 0:00:00]} Rf4 {[%emt 0:00:02]} 29. Kg2 {[%emt 0:00:01]} h4 {[%emt 0:00:01]} 30. Rh3 {[%emt 0:00:01]} Qg5+ {[%emt 0:00:01]} 31. Kh2 {[%emt 0:00:01]} Re2+ {[%emt 0:00:01]} 32. Qxe2 {[%emt 0:00:00]} Bxe2 {[%emt 0:00:00]} 33. Rg1 {[%emt 0:00:00]} Rxf3 {[%emt 0:00:01]} 34. Rxg5 {[%emt 0:00:01]} Rf2+ {[%emt 0:00:01]} 35. Rg2 {[%emt 0:00:00]} Rf3 {[%emt 0:00:01]} 36. Rxe2 {[%emt 0:00:01]} Rf4 {[%emt 0:00:01]} 37. Rhe3 {[%emt 0:00:01]} Kg7 {[%emt 0:00:01]} 38. Nc3 {[%emt 0:00:00]} Kf6 {[%emt 0:00:01]} 39. Nd5+ {[%emt 0:00:00] Nguyen Hong Anh resigns Nguyen Hong Anh resigns Nguyen Hong Anh resigns (Lag: Av=1.21s, max=1.8s) (Lag: Av=1.21s, max=1.8s) (Lag: Av=1.21s, max=1.8s)} 1-0

[Event "415 Stay Safe Play From Home series"]
[Site "Emanuel Lasker Arena"]
[Date "2020.08.27"]
[Round "7"]
[White "IceQueen"]
[Black "Lazieri3"]
[Result "1-0"]
[WhiteElo "2364"]
[BlackElo "2102"]
[PlyCount "93"]
[EventDate "2020.08.27"]
[EventType "swiss (blitz)"]

1. e4 {[%emt 0:00:01]} c6 {[%emt 0:00:00]} 2. Nc3 {[%emt 0:00:00]} d5 {[%emt 0:00:00]} 3. d4 {[%emt 0:00:00]} dxe4 {[%emt 0:00:01]} 4. Nxe4 {[%emt 0:00:00]} Nf6 {[%emt 0:00:01]} 5. Nxf6+ {[%emt 0:00:01]} exf6 {[%emt 0:00:00]} 6. c3 {[%emt 0:00:00]} Bd6 {[%emt 0:00:00]} 7. Bd3 {[%emt 0:00:00]} O-O {[%emt 0:00:00]} 8. Ne2 {[%emt 0:00:00]} Re8 {[%emt 0:00:00]} 9. Qc2 {[%emt 0:00:00]} g6 {[%emt 0:00:01]} 10. h4 {[%emt 0:00:01]} h5 {[%emt 0:00:03]} 11. Bxg6 {[%emt 0:00:02]} Rxe2+ {[%emt 0:00:02]} 12. Kxe2 {[%emt 0:00:01]} Qe8+ {[%emt 0:00:02]} 13. Be4 {[%emt 0:00:01]} f5 {[%emt 0:00:01]} 14. f3 {[%emt 0:00:00]} fxe4 {[%emt 0:00:01]} 15. Qxe4 {[%emt 0:00:02]} Qxe4+ {[%emt 0:00:01]} 16. fxe4 {[%emt 0:00:00]} Bg4+ {[%emt 0:00:00]} 17. Kd3 {[%emt 0:00:00]} c5 {[%emt 0:00:03]} 18. Rf1 {[%emt 0:00:01]} cxd4 {[%emt 0:00:01]} 19. cxd4 {[%emt 0:00:00]} Nc6 {[%emt 0:00:01]} 20. a3 {[%emt 0:00:00]} Rd8 {[%emt 0:00:02]} 21. Be3 {[%emt 0:00:01]} Bg3 {[%emt 0:00:01]} 22. Rac1 {[%emt 0:00:03]} Ne5+ {[%emt 0:00:01]} 23. Kc3 {[%emt 0:00:02]} Rc8+ {[%emt 0:00:02]} 24. Kb3 {[%emt 0:00:01]} Nc6 {[%emt 0:00:04]} 25. d5 {[%emt 0:00:01]} Na5+ {[%emt 0:00:02]} 26. Ka4 {[%emt 0:00:01]} Rxc1 {[%emt 0:00:01]} 27. Rxc1 {[%emt 0:00:00]} b6 {[%emt 0:00:01]} 28. b4 {[%emt 0:00:10]} Bd7+ {[%emt 0:00:01]} 29. b5 {[%emt 0:00:02]} Bd6 {[%emt 0:00:06]} 30. Bd2 {[%emt 0:00:02]} Nb7 {[%emt 0:00:02]} 31. Bb4 {[%emt 0:00:02]} Nc5+ {[%emt 0:00:01]} 32. Bxc5 {[%emt 0:00:01]} Bxc5 {[%emt 0:00:00]} 33. Kb3 {[%emt 0:00:01]} Kg7 {[%emt 0:00:03]} 34. a4 {[%emt 0:00:00]} Kf6 {[%emt 0:00:01]} 35. Kc4 {[%emt 0:00:01]} Ke5 {[%emt 0:00:01]} 36. Kd3 {[%emt 0:00:01]} f5 {[%emt 0:00:01]} 37. Re1 {[%emt 0:00:02]} fxe4+ {[%emt 0:00:01]} 38. Rxe4+ {[%emt 0:00:00]} Kxd5 {[%emt 0:00:00]} 39. Rf4 {[%emt 0:00:01]} Bg4 {[%emt 0:00:01]} 40. Rf7 {[%emt 0:00:01]} Ke5 {[%emt 0:00:02]} 41. Rxa7 {[%emt 0:00:01]} Kf4 {[%emt 0:00:00]} 42. Rf7+ {[%emt 0:00:02]} Kg3 {[%emt 0:00:01]} 43. Rc7 {[%emt 0:00:01]} Kxg2 {[%emt 0:00:02]} 44. a5 {[%emt 0:00:00]} Bd6 {[%emt 0:00:03]} 45. Rc6 {[%emt 0:00:02]} Bf5+ {[%emt 0:00:01]} 46. Kd4 {[%emt 0:00:01]} Bc5+ {[%emt 0:00:00]} 47. Ke5 {[%emt 0:00:02] Time Time Time (Lag: Av=0.57s, max=2.0s) (Lag: Av=0.57s, max=2.0s) (Lag: Av=0.57s, max=2.0s)} 1-0

[Event "415 Stay Safe Play From Home series"]
[Site "Emanuel Lasker Arena"]
[Date "2020.08.27"]
[Round "7"]
[White "Hickey"]
[Black "TheCHESSHOUSE"]
[Result "1-0"]
[WhiteElo "2345"]
[BlackElo "2025"]
[PlyCount "81"]
[EventDate "2020.08.27"]
[EventType "swiss (blitz)"]

1. Nf3 {[%emt 0:00:01]} Nf6 {[%emt 0:00:01]} 2. b4 {[%emt 0:00:00]} g6 {[%emt 0:00:01]} 3. Bb2 {[%emt 0:00:01]} Bg7 {[%emt 0:00:01]} 4. c4 {[%emt 0:00:00]} d6 {[%emt 0:00:01]} 5. e3 {[%emt 0:00:00]} O-O {[%emt 0:00:01]} 6. Be2 {[%emt 0:00:00]} e5 {[%emt 0:00:00]} 7. O-O {[%emt 0:00:00]} Nc6 {[%emt 0:00:00]} 8. d3 {[%emt 0:00:01]} Nxb4 {[%emt 0:00:01]} 9. Nc3 {[%emt 0:00:01]} a6 {[%emt 0:00:01]} 10. Rb1 {[%emt 0:00:01]} Nc6 {[%emt 0:00:02]} 11. Ba1 {[%emt 0:00:01]} b6 {[%emt 0:00:01]} 12. Nd5 {[%emt 0:00:01]} Nxd5 {[%emt 0:00:01]} 13. cxd5 {[%emt 0:00:00]} Ne7 {[%emt 0:00:00]} 14. Qb3 {[%emt 0:00:03]} Bb7 {[%emt 0:00:02]} 15. e4 {[%emt 0:00:01]} Kh8 {[%emt 0:00:01]} 16. Rfc1 {[%emt 0:00:00]} Bc8 {[%emt 0:00:03]} 17. Qc2 {[%emt 0:00:00]} Ra7 {[%emt 0:00:01]} 18. d4 {[%emt 0:00:02]} f5 {[%emt 0:00:04]} 19. dxe5 {[%emt 0:00:02]} fxe4 {[%emt 0:00:01]} 20. exd6 {[%emt 0:00:01]} cxd6 {[%emt 0:00:05]} 21. Bxg7+ {[%emt 0:00:03]} Kxg7 {[%emt 0:00:00]} 22. Qxe4 {[%emt 0:00:01]} Bf5 {[%emt 0:00:01]} 23. Qd4+ {[%emt 0:00:00]} Kg8 {[%emt 0:00:00]} 24. Rxb6 {[%emt 0:00:01]} Nc8 {[%emt 0:00:06]} 25. Rbc6 {[%emt 0:00:02]} Rg7 {[%emt 0:00:05]} 26. Bxa6 {[%emt 0:00:04]} Na7 {[%emt 0:00:02]} 27. R6c3 {[%emt 0:00:02]} Qa5 {[%emt 0:00:01]} 28. Bc4 {[%emt 0:00:02]} Nb5 {[%emt 0:00:01]} 29. Bxb5 {[%emt 0:00:01]} Qxb5 {[%emt 0:00:00]} 30. Qe3 {[%emt 0:00:03]} Bg4 {[%emt 0:00:02]} 31. Nd4 {[%emt 0:00:02]} Qxd5 {[%emt 0:00:01]} 32. h3 {[%emt 0:00:01]} Bd7 {[%emt 0:00:01]} 33. a3 {[%emt 0:00:01]} Ba4 {[%emt 0:00:02]} 34. Ne6 {[%emt 0:00:04]} Re8 {[%emt 0:00:02]} 35. Rc8 {[%emt 0:00:03]} Rge7 {[%emt 0:00:04]} 36. Rxe8+ {[%emt 0:00:02]} Rxe8 {[%emt 0:00:00]} 37. Nf4 {[%emt 0:00:00]} Qf7 {[%emt 0:00:02]} 38. Qg3 {[%emt 0:00:02]} Bd7 {[%emt 0:00:00]} 39. Rc7 {[%emt 0:00:02]} Rf8 {[%emt 0:00:00]} 40. Nd3 {[%emt 0:00:01]} Qf5 {[%emt 0:00:01]} 41. Qxd6 {[%emt 0:00:01] Time Time Time (Lag: Av=0.81s, max=1.4s) (Lag: Av=0.81s, max=1.4s) (Lag: Av=0.81s, max=1.4s)} 1-0